1531 1584 1344 1292 1068 1660 1397 1038 1105 1501 1344 1104 1834 1343 1730 1592 1522 1784 1775 1802 1552 1306 1044 1289 1353 1173 1977 1069 1076 1557 1270 1068 1324 1658 1928 1943 1921 1428 1594 1114 1507 1645 1566 1293 1126 1450 1999 1188 1370 1421 1304 1777 1612 1189 1922 1152 1591 1913 1511 1799 1056 1034 1767 1376 1068 1435 1161 1598 1416 1979 1090 1767 1928 1838 1885 1076 1886 1996 1334 1790 1169 1776 1436 1103 1162 1190 1212 1935 1636 1578 1409 1462 1766 1949 1830 1502 1964 1330 1653 BCNSPRNW ULIB Ver.6.0+V

เปลี่ยนเป็นภาษาไทย

Change to English
 แสดงรายละเอียดบรรณานุกรม
  กลับหน้าหลัก

Brief Record : Get Marc (ISO 2709) : E-mail record : QR code < ปิดหน้าต่าง
LEADER : 00000nam 2200000uu 4500
001    13399120798
003     ULIB
008    020711s2547 th a 000 0 tha d
020    9749006755
050  4 BQ^bอ876ก
100    เอกชัย จุละจาริตต์
245    แก่นธรรม(อริยสัจ4) /^cเอกชัย จุละจาริตต์
250    พิมพ์ครั้งที่ 4
260    กรุงเทพฯ :^bหอรัตนชัยการพิมพ์,^c2547
300    378 หน้า
650    ธรรมะ
650    อริยสัจ
945    ^p85^l0^i13683
999    ^aทศพร เกษรทอง
รายการนี้ยังไม่มีแท็ก
คุณยังไม่ได้ล็อกอิน คุณสามารถมีกิจกรรมร่วมกับเว็บไซต์ได้ แต่ต้องล็อกอินก่อน ::
  ล็อกอิน

รายการสื่อสารสนเทศ

ลำดับที่ ประเภท เลขเรียก/บาร์โค้ด สถานที่ สถานะ
1. วิทยาศาสตร์การแพทย์ และสุขภาพ
วิทยาศาสตร์การแพทย์ และสุขภาพ
BQ อ876ก ฉ.1 
  Barcode: 13683
ห้องสมุดวิทยาเขตสวรรค์ประชารักษ์
►หนังสือทั่วไป
บนชั้น

รายการใกล้เคียง
    ผู้แต่ง [เอกชัย จุละจาริตต์]

    หัวเรื่อง [ธรรมะ]
    หัวเรื่อง [อริยสัจ]

BibComment


ยังไม่เคยถูกคอมเมนท์

คอมเมนท์ทรัพยากรรายการนี้
  คอมเมนท์: แก่นธรรมอริยสัจ4 ..


 Copyright 2026. Bcnsprnw @Library